Oceňování průmyslových práv a jiného duševního vlastnictví. Velká privatizace.

Priemyselné práva a iné duševné vlastníctvo majú byť súčasťou privatizačného projektu. Predpokladom ich začlenenia do privatizačného projektu je ich ocenenie a vyčíslenie hodnoty v Kčs. ČSFR nemá v tejto oblasti nijaké skúsenosti. Skúsenosti a metódy používané v zahraničí.

Gespeichert in:
Bibliographische Detailangaben
1. Verfasser: Čada, K.
Weitere Verfasser: Knížek, M.
Format: Buchkapitel
Sprache:Tschechisch
Schlagworte:
Tags: Tag hinzufügen
Keine Tags, Fügen Sie das erste Tag hinzu!

MARC

LEADER 00000naa a2200000 4500
001 r005139
005 20221125080139.0
041 0 |a cze 
044 |a [CS] 
245 1 0 |a Oceňování průmyslových práv a jiného duševního vlastnictví.  |b Velká privatizace.  |c K. Čada, M. Knížek 
520 |a Priemyselné práva a iné duševné vlastníctvo majú byť súčasťou privatizačného projektu. Predpokladom ich začlenenia do privatizačného projektu je ich ocenenie a vyčíslenie hodnoty v Kčs. ČSFR nemá v tejto oblasti nijaké skúsenosti. Skúsenosti a metódy používané v zahraničí. 
610 2 0 |a právo priemyselné 
610 2 0 |a privatizácia 
610 2 0 |a oceňovanie ekonomické 
610 2 0 |a technológia 
610 2 0 |a patenty 
610 2 0 |a ČSFR 
100 1 |a Čada, K. 
700 1 |a Knížek, M.